• 首页
  • 本馆介绍
  • 公告通知
  • 最新文献
  • 馆藏检索
  • 电子资源
  • 读者导购
  • 参考咨询
  • 我的图书馆
  • 登录
  • 详细信息显示
  • 放入我的书架
  • 预约/预借图书
  • 作者相关作品
  • 分类相关作品
  • 丛书相关作品
  • 出版社相关作品

书目信息

  • 表格格式
  • 工作单格式
  • 卡片格式
题名:
六国技术教育史
    
 
作者: ;李永连 译 ;日本世界教育史研究会
分册:  
出版信息: 北京   教育科学  1984
页数: 342页
开本: 20cm
丛书名: 外国教育译丛
单 册:
中图分类: G71
科图分类:
主题词: 教育--类型
电子资源:
ISBN:
000 00698nam0 2200217 450
001 0753865015
005 20070818145745.01
010    @d¥1.20
100    @a20070818d km y0chiy0120 ea
101 0  @achi
200 1  @a六国技术教育史@Aliu guo ji shu jiao yu shi@f日本世界教育史研究会@Fri ben shi jie jiao yu shi yan jiu hui@g李永连等译@Gli yong lian deng yi
210    @a北京@c教育科学@d1984
215    @a342页@d20cm
225 2  @a外国教育译丛
410  0 @12001 @a外国教育译丛
606 0  @a教育@x类型
690    @aG71@v3
702  0 @a李永连@Ali yong lian@4译
711 02 @a日本世界教育史研究会@Ari ben shi jie jiao yu shi yan jiu hui
801  0 @aCN@bPFT@c20070818
905    @a213230@dG71@ee40@f1
    
    六国技术教育史/日本世界教育史研究会/李永连等译.-北京:教育科学,1984
    342页;20cm.-(外国教育译丛)
    
    
    ISBN :¥1.20
    
●
相关链接 在E读中查询图书 在五车中查询图书 在当当中查询图书 在豆瓣中查询图书


正题名:六国技术教育史     索取号:G71/e40         预约/预借

序号 登录号 条形码 馆藏地/架位号 状态 备注
1 6303203   263032033   教育系资料室/ [索取号:G71/e40] 在馆    
唐山师范学院图书馆 欢迎您!
大连网信软件有限公司© 版权所有